Ke sporu o depreciaci koruny a intervence ČNB

Devízové intervencie a dlhodobý monetárny pohľad v podobe nákupu Eur s cieľom podporiť žiadúce oslabenie českej koruny voči euru. Volatilita kurzu, vývoj českej koruny a vonkajšia nerovnováha českej ekonomiky.

Salvato in:
Dettagli Bibliografici
Autore principale: Mandel, Martin
Altri autori: Brůna, Karel
Natura: Capitolo di libro
Lingua:ceco
Soggetti:
Tags: Aggiungi Tag
Nessun Tag, puoi essere il primo ad aggiungerne!!

MARC

LEADER 00000naa a2200000 4500
001 0184813
005 20231211083129.9
041 0 |a cze 
044 |a CZ 
245 1 0 |a Ke sporu o depreciaci koruny a intervence ČNB  |c Martin Mandel, Karel Brůna 
520 |a Devízové intervencie a dlhodobý monetárny pohľad v podobe nákupu Eur s cieľom podporiť žiadúce oslabenie českej koruny voči euru. Volatilita kurzu, vývoj českej koruny a vonkajšia nerovnováha českej ekonomiky. 
610 2 0 |a banky centrálne 
610 2 0 |a politika devízová 
610 2 0 |a kurz menový 
610 2 0 |a rozpätie kurzové 
610 2 0 |a rovnováha vonkajšia 
610 2 0 |a volatilita 
100 1 |a Mandel, Martin 
700 1 |a Brůna, Karel